Journal of the Illuminating Engineering Society

Bibliographic Details
New Title:Leukos (Online)
Previous Title:Illuminating engineering
Corporate Authors: Illuminating Engineering Society, Illuminating Engineering Society of North America
Format: Electronic Journal
Language:English
Published: New York, N.Y. : Illuminating Engineering Society, 1971-2004.
Subjects:
Online Access:Full text available from Research Library: 01/01/2004 to 01/31/2004

MARC

LEADER 00000nas a22000007i 4500
001 ssj0012090
003 WaSeSS
005 20200512172242.0
006 m d
007 cr n
008 050614d19712004nyufr p s 0 a0eng
010 |a  2014202420 
022 |a 2376-8487  |y 0099-4480 
030 |a JIESBS 
035 |a (WaSeSS)ssj0012090 
037 |b Illuminating Engineering Society of North America, 345 E. 47th St., New York, NY 10017 
040 |a OCLCS  |b eng  |c OCLCS  |d TXJ  |d TXU  |d OCLCQ  |d OCLCE  |d OCLCQ  |d OCLCF  |d OCLCO  |d OCLCA  |d DLC  |d OCLCA  |d OCLCQ  |d VT2  |d WaSeSS 
042 |a pcc  |a nsdp 
050 1 4 |a TH7700  |b .I35 
082 0 0 |a 621.32/05  |2 23 
222 0 |a Journal of the Illuminating Engineering Society  |b (Online) 
245 0 0 |a Journal of the Illuminating Engineering Society  |h [electronic resource]. 
246 1 |i At head of title <Jan. 1983->:  |a IES 
246 1 7 |a Journal of IES  |f Oct. 1971-<Jan. 1983> 
260 |a New York, N.Y. :  |b Illuminating Engineering Society,  |c 1971-2004. 
310 |a Semiannual,  |b Oct. 1984- 
321 |a Quarterly,  |b Oct. 1971-July 1984 
362 1 |a Began with: Volume 1, issue 1 (1971); ceased with: Volume 33, issue 1 (2004). 
506 |a License restrictions may limit access. 
538 |a Mode of access: World Wide Web. 
550 |a Published by: the Illuminating Engineering Society of North America, June 1975- 
588 |a Description based on: Volume 1, issue 1 (1971); title from banner (Taylor & Francis website, viewed January 02, 2015). 
588 |a Latest issue consulted: Volume 33, issue 1 (2004) (viewed January 02, 2015). 
650 0 |a Lighting  |v Periodicals. 
650 7 |a Lighting.  |2 fast  |0 (OCoLC)fst00998642 
655 0 |a Electronic journals. 
710 2 |a Illuminating Engineering Society. 
710 2 |a Illuminating Engineering Society of North America. 
776 0 8 |i Print version:  |t Journal of the Illuminating Engineering Society  |x 0099-4480  |w (DLC) 72620739  |w (OCoLC)875785 
780 0 1 |t Illuminating engineering  |w (OCoLC)705960032 
785 0 0 |t Leukos (Online)  |x 1550-2716  |w (DLC) 2004215330  |w (OCoLC)55114187 
856 4 0 |z Full text available from Research Library: 01/01/2004 to 01/31/2004  |u https://search.proquest.com/publication/49249